[Event "SR 2. liga A 2003/2004"]
[Site "?"]
[Date "2004.02.08"]
[Round "9.3"]
[White "Stepanovic, Branislav"]
[Black "Skreno, Vladimir"]
[Result "1/2-1/2"]
[WhiteElo "2090"]
[BlackElo "2144"]
[PlyCount "57"]
[EventDate "2003.??.??"]

1. e4 c5 2. Nf3 Nc6 3. d4 cxd4 4. Nxd4 e5 5. Nb5 a6 6. Nd6+ Bxd6 7. Qxd6 Qf6 8.
Qd1 Qg6 9. Nc3 Nge7 10. h4 h5 11. Bg5 d5 12. exd5 Nd4 13. Bd3 Bf5 14. d6 Qxd6
15. Bxf5 Nexf5 16. Ne2 Qg6 17. Kf1 Nxc2 18. Rc1 Ncd4 19. Nxd4 Nxd4 20. Qa4+ Nc6
21. Rh3 f6 22. Rxc6 bxc6 23. Qxc6+ Kf7 24. Qd5+ Ke7 25. Qb7+ Ke6 26. Qc6+ Kf7
27. Qd5+ Ke7 28. Qb7+ Ke6 29. Qc6+ 1/2-1/2

[Event "SR 2. liga A 2003/2004"]
[Site "?"]
[Date "2004.02.08"]
[Round "9.4"]
[White "Breja, Stanislav"]
[Black "Antol, Ladislav"]
[Result "1-0"]
[WhiteElo "2121"]
[BlackElo "2057"]
[PlyCount "113"]
[EventDate "2003.??.??"]

1. e4 c5 2. c3 d6 3. d4 cxd4 4. cxd4 Nf6 5. Nc3 Nc6 6. Bg5 e6 7. d5 Ne7 8. Bb5+
Bd7 9. dxe6 fxe6 10. Bxf6 gxf6 11. Qxd6 Bxb5 12. Nxb5 Qa5+ 13. Nc3 Rd8 14. Qxe6
Qb4 15. Nge2 Rd6 16. Qb3 Qxb3 17. axb3 a6 18. Rd1 Nc6 19. Rxd6 Bxd6 20. O-O Kf7
21. Rd1 Rd8 22. g3 Bc5 23. Rxd8 Nxd8 24. Kg2 Nc6 25. f4 Na5 26. Nc1 Bd4 27. Kf3
b5 28. b4 Nc4 29. Nd3 Nxb2 30. Nxb2 Bxc3 31. Nd3 a5 32. bxa5 Bxa5 33. Ke2 h5
34. h3 b4 35. Kd2 b3+ 36. Kc1 Bc7 37. Kb2 h4 38. gxh4 Kg6 39. Kxb3 Kh5 40. Kc4
Kxh4 41. Kd5 Ba5 42. Ke6 Bc3 43. Nf2 Kg3 44. Kf5 Bd2 45. Nd3 Bc3 46. Nc5 Bd2
47. Ne6 Bc3 48. Ng7 Bd2 49. Nh5+ Kf3 50. h4 Bc1 51. Nxf6 Bxf4 52. Ng4 Bd6 53.
e5 Bf8 54. h5 Kg3 55. h6 Kh4 56. h7 Bg7 57. e6 1-0

[Event "SR 2. liga A 2003/2004"]
[Site "?"]
[Date "2004.02.08"]
[Round "9.4"]
[White "Doucha, Ludvik"]
[Black "Kruppa, Dominik"]
[Result "1-0"]
[WhiteElo "2122"]
[BlackElo "2038"]
[PlyCount "87"]
[EventDate "2003.??.??"]

1. e4 c5 2. c4 Nc6 3. Ne2 g6 4. d4 cxd4 5. Nxd4 Bg7 6. Be3 Nf6 7. Nc3 Ng4 8.
Qxg4 Nxd4 9. Qd1 Ne6 10. Qd2 O-O 11. Be2 d6 12. O-O Bd7 13. Rfd1 Bc6 14. f3 Re8
15. Rab1 a6 16. b4 Qb8 17. Nd5 b5 18. Nb6 Ra7 19. a4 bxa4 20. b5 axb5 21. cxb5
Ba8 22. Nc4 Nc5 23. b6 Rb7 24. Qb4 Rc8 25. Na5 Rd7 26. Bxc5 dxc5 27. Qxa4 Rxd1+
28. Bxd1 Bb7 29. Qd7 Ba6 30. b7 Rf8 31. g3 Be5 32. Nc6 Qc7 33. Qxc7 Bxc7 34.
b8=Q Bxb8 35. Rxb8 Rxb8 36. Nxb8 Bb5 37. Kf2 Kf8 38. Be2 c4 39. Ke3 Ke8 40. Kd4
e5+ 41. Kc5 Ba4 42. Kxc4 f5 43. Kd5 fxe4 44. fxe4 1-0

[Event "SR 2. liga A 2003/2004"]
[Site "?"]
[Date "2004.02.08"]
[Round "9.4"]
[White "Kovacocy, Pavel"]
[Black "Kolman, Richard"]
[Result "1-0"]
[WhiteElo "2263"]
[BlackElo "2102"]
[PlyCount "67"]
[EventDate "2003.??.??"]

1. e4 c5 2. Nf3 d6 3. d4 cxd4 4. Nxd4 Nf6 5. Nc3 a6 6. Be2 e5 7. Nb3 Be6 8. O-O
Nbd7 9. Qd3 Be7 10. Nd5 Bxd5 11. exd5 Nb6 12. c4 Rc8 13. Nd2 O-O 14. a4 a5 15.
b3 Nbd7 16. g4 Nc5 17. Qh3 Qd7 18. Qg2 h6 19. Ba3 b6 20. Rac1 Nxb3 21. Nxb3
Qxa4 22. Rc3 Qxa3 23. Rg3 Nh7 24. Bd3 Qa4 25. f4 exf4 26. Rxf4 Rce8 27. Qc2 Nf6
28. Rff3 Nd7 29. g5 h5 30. Rh3 Ne5 31. Bh7+ Kh8 32. Rxh5 Nxf3+ 33. Kf2 Bxg5 34.
Bg8+ 1-0

[Event "SR 2. liga A 2003/2004"]
[Site "?"]
[Date "2004.02.08"]
[Round "9.4"]
[White "Kubis, Ivan"]
[Black "Marko, Vladimir"]
[Result "1-0"]
[WhiteElo "2062"]
[BlackElo "2010"]
[PlyCount "53"]
[EventDate "2003.??.??"]

1. e4 e6 2. d4 d5 3. Nc3 Bb4 4. e5 c5 5. a3 Ba5 6. b4 cxb4 7. Nb5 bxa3+ 8. c3
Nc6 9. Nd6+ Kf8 10. Rxa3 f6 11. f4 Bc7 12. Nxc8 Rxc8 13. Nf3 a6 14. Bd3 f5 15.
O-O h6 16. Rb3 Na5 17. Ba3+ Kf7 18. Rb2 b5 19. g4 g6 20. gxf5 gxf5 21. Rg2 Ne7
22. Nh4 h5 23. Bxe7 Qxe7 24. Ng6 Qa3 25. Nxh8+ Rxh8 26. Kh1 Qxc3 27. Rc2 1-0

[Event "SR 2. liga A 2003/2004"]
[Site "?"]
[Date "2004.02.08"]
[Round "9.4"]
[White "Lahucky, Pavol"]
[Black "Manak, Jozef"]
[Result "1/2-1/2"]
[WhiteElo "2099"]
[BlackElo "2076"]
[PlyCount "28"]
[EventDate "2003.??.??"]

1. c4 e5 2. Nc3 Nc6 3. e4 g6 4. d3 Bg7 5. Nf3 Nge7 6. Bg5 f6 7. Be3 d6 8. Qd2
O-O 9. h4 f5 10. Bh6 f4 11. Bxg7 Kxg7 12. h5 Bg4 13. hxg6 Bxf3 14. gxf3 Nd4
1/2-1/2

[Event "SR 2. liga A 2003/2004"]
[Site "?"]
[Date "2004.02.08"]
[Round "9.4"]
[White "Syrovy, Ivan"]
[Black "Hartl, Jan"]
[Result "0-1"]
[WhiteElo "2067"]
[BlackElo "2165"]
[PlyCount "66"]
[EventDate "2003.??.??"]

1. e4 e5 2. Nf3 Nc6 3. Bb5 a6 4. Ba4 f5 5. Nc3 Nf6 6. d3 d6 7. Bg5 Be7 8. Bxf6
Bxf6 9. Nd5 O-O 10. Bb3 Kh8 11. Nd2 Nd4 12. exf5 Bxf5 13. Ne4 Bh4 14. Ng3 c6
15. Ne3 Bg6 16. O-O Rf4 17. c3 Nxb3 18. axb3 Qb6 19. Nc4 Qc7 20. Ne2 Rf7 21.
Ng3 d5 22. Ne3 d4 23. Nc2 dxc3 24. bxc3 Rd8 25. d4 exd4 26. cxd4 Bf6 27. Ra4
Bxc2 28. Qxc2 Bxd4 29. Ne4 h6 30. Ng3 Qe5 31. Ne2 Ba7 32. Re4 Rxf2 33. Rxf2
Qxe4 0-1

[Event "SR 2. liga A 2003/2004"]
[Site "?"]
[Date "2004.02.08"]
[Round "9.5"]
[White "Hanzluvka, Peter"]
[Black "Puchart, Vladimir"]
[Result "1-0"]
[WhiteElo "2071"]
[BlackElo "2145"]
[PlyCount "129"]
[EventDate "2003.??.??"]

1. e4 c5 2. Nf3 d6 3. d4 cxd4 4. Nxd4 Nf6 5. Nc3 a6 6. Be2 e5 7. Nb3 Be7 8. O-O
O-O 9. a4 Be6 10. Be3 Nbd7 11. f4 Rc8 12. Nd2 Nb6 13. f5 Bc4 14. a5 Bxe2 15.
Qxe2 Nbd7 16. Nc4 Qc7 17. Nb6 Nxb6 18. Bxb6 Qc4 19. Qf3 Qb4 20. Rfb1 Qc4 21. g4
d5 22. exd5 Qxg4+ 23. Qxg4 Nxg4 24. Ra4 Nf6 25. Re1 Rfe8 26. Re2 Bd6 27. Ne4
Nxe4 28. Raxe4 f6 29. c4 Kf7 30. b3 g6 31. fxg6+ hxg6 32. Rc2 Bc5+ 33. Bxc5
Rxc5 34. b4 Rcc8 35. c5 Red8 36. Rd2 Rd7 37. Rc4 f5 38. Kf1 Kf6 39. Ke2 Rcd8
40. d6 Rc8 41. Rdc2 Ke6 42. Rd2 g5 43. Kf2 Rh7 44. Kg1 g4 45. Rb2 Rd7 46. Rd2
Rh7 47. Rc3 f4 48. Rcd3 Rd8 49. Rg2 Kf5 50. Re2 f3 51. Rc2 Rdh8 52. d7 Rd8 53.
Rcd2 Kf4 54. b5 g3 55. hxg3+ Kxg3 56. c6 Rdh8 57. Rg2+ Kf4 58. d8=Q Rxd8 59.
Rxd8 fxg2 60. Rd7 Rh8 61. cxb7 e4 62. bxa6 e3 63. a7 e2 64. b8=Q+ Kf3 65. a8=Q+
1-0

[Event "SR 2. liga A 2003/2004"]
[Site "?"]
[Date "2004.02.08"]
[Round "9.5"]
[White "Mikulas, Dusan"]
[Black "Gasa, Andrej"]
[Result "1/2-1/2"]
[WhiteElo "2123"]
[BlackElo "2207"]
[PlyCount "108"]
[EventDate "2003.??.??"]

1. e4 c5 2. Nf3 d6 3. d4 cxd4 4. Nxd4 Nf6 5. Nc3 a6 6. f4 e6 7. Bd3 Qc7 8. Nf3
b5 9. a3 Bb7 10. O-O Nbd7 11. Qe1 Be7 12. Kh1 O-O 13. f5 e5 14. Qg3 Rfe8 15.
Bh6 Bf8 16. Bg5 Kh8 17. Rae1 h6 18. Qh4 Nh7 19. Bd2 Be7 20. Qh5 Kg8 21. g4 Qd8
22. Qh3 Bg5 23. Bxg5 Nxg5 24. Nxg5 Qxg5 25. Qg3 h5 26. gxh5 Qxg3 27. hxg3 Nf6
28. Kg2 Nxh5 29. Rh1 Nf6 30. Rh4 Kf8 31. g4 Ke7 32. g5 Nd7 33. Rh7 Rg8 34. Kf2
Rac8 35. Ke3 f6 36. Rg1 fxg5 37. Rxg5 Kf7 38. Rg6 Nf6 39. Rh3 Rh8 40. Rhg3 Rh7
41. Ne2 d5 42. exd5 e4 43. Bxe4 Nxd5+ 44. Bxd5+ Bxd5 45. Nf4 Re8+ 46. Kd4 Be4
47. R3g5 Bxc2 48. b4 Re4+ 49. Kc3 Rxf4 50. Kxc2 Rf3 51. Rg2 Rxa3 52. Kb2 Ra4
53. R2g4 Rh2+ 54. Kb3 Rh7 1/2-1/2

[Event "SR 2. liga A 2003/2004"]
[Site "?"]
[Date "2004.02.08"]
[Round "9.5"]
[White "Moravcik, Marian"]
[Black "Sycova, Miroslava"]
[Result "1/2-1/2"]
[WhiteElo "2073"]
[BlackElo "2068"]
[PlyCount "48"]
[EventDate "2003.??.??"]

1. e4 e5 2. Nf3 Nc6 3. Bb5 a6 4. Ba4 Nf6 5. O-O Be7 6. Re1 b5 7. Bb3 d6 8. c3
O-O 9. h3 Na5 10. Bc2 c5 11. d4 Qc7 12. Nbd2 cxd4 13. cxd4 Nc6 14. d5 Nb4 15.
Bb1 a5 16. a3 Na6 17. Bd3 Bd7 18. Nf1 Nc5 19. Bc2 Rfc8 20. Bd2 Qb7 21. b4 axb4
22. axb4 Na4 23. Qb1 Rc7 24. Qb3 Rac8 1/2-1/2

[Event "SR 2. liga A 2003/2004"]
[Site "?"]
[Date "2004.02.08"]
[Round "9.5"]
[White "Rohackova, Veronika"]
[Black "Pacher, Milan"]
[Result "1/2-1/2"]
[WhiteElo "2049"]
[BlackElo "2051"]
[PlyCount "117"]
[EventDate "2003.??.??"]

1. e4 c6 2. d4 d5 3. exd5 cxd5 4. Bd3 Nc6 5. c3 Nf6 6. Bg5 e6 7. Nf3 h6 8. Bh4
Be7 9. O-O O-O 10. Nbd2 Rb8 11. Qe2 Nh5 12. Bg3 Bd6 13. Bc2 Nxg3 14. hxg3 b5
15. Qd3 g6 16. Nh4 Qf6 17. f4 b4 18. Ndf3 Rb6 19. Rf2 Ba6 20. Qe3 bxc3 21. bxc3
Na5 22. Ne5 Nc4 23. Qe1 Bxe5 24. fxe5 Qg5 25. Rf4 Rfb8 26. Nf3 Qe7 27. Rf6 Na3
28. Bb3 Bc4 29. Qc1 Kg7 30. Kh2 Bxb3 31. axb3 Rxb3 32. Nd2 Rb2 33. Qd1 Nc2 34.
Rc1 Ne3 35. Qe2 Nc4 36. Rcf1 Rf8 37. Rd1 Qa3 38. Nxc4 dxc4 39. Qxc4 Rc2 40. Rf3
a5 41. Qc7 Qb2 42. Rg1 a4 43. d5 Rf2 44. Rxf2 Qxf2 45. d6 Qe2 46. Ra1 Qxe5 47.
Rxa4 Qh5+ 48. Rh4 Qe5 49. Qb6 Qxc3 50. d7 Qf6 51. Rd4 Rd8 52. Rd6 Qe7 53. Qd4+
e5 54. Qd1 e4 55. Rd4 e3 56. Qe2 Rxd7 57. Rxd7 Qxd7 58. Qxe3 Qc6 59. Qd4+
1/2-1/2

[Event "SR 2. liga A 2003/2004"]
[Site "?"]
[Date "2004.02.08"]
[Round "9.5"]
[White "Sukuba, Zdeno"]
[Black "Bednar, Milan"]
[Result "0-1"]
[WhiteElo "2116"]
[BlackElo "2063"]
[PlyCount "44"]
[EventDate "2003.??.??"]

1. Nf3 Nc6 2. c4 e5 3. Nc3 Nf6 4. d3 g6 5. g3 Bg7 6. Bg2 O-O 7. O-O Nh5 8. Nd5
h6 9. e4 d6 10. Nh4 Nd4 11. Ne3 Nf4 12. Nf3 Nxg2 13. Kxg2 Nxf3 14. Qxf3 Qd7 15.
g4 c6 16. Rg1 b6 17. b3 d5 18. exd5 cxd5 19. Nxd5 f5 20. gxf5 Rxf5 21. Qe2 Rh5
22. Kh1 Rxh2+ 0-1

[Event "SR 2. liga A 2003/2004"]
[Site "?"]
[Date "2004.02.08"]
[Round "9.5"]
[White "Vrba, Michal"]
[Black "Samko, Karol"]
[Result "1/2-1/2"]
[WhiteElo "1863"]
[BlackElo "1998"]
[PlyCount "92"]
[EventDate "2003.??.??"]

1. c4 Nf6 2. Nc3 c5 3. g3 Nc6 4. Bg2 g6 5. e3 Bg7 6. Nge2 O-O 7. O-O d6 8. d4
cxd4 9. Nxd4 Bd7 10. b3 Qc8 11. Bb2 Bh3 12. Rb1 Bxg2 13. Kxg2 a6 14. Nxc6 bxc6
15. Qf3 Nd7 16. Ne4 Bxb2 17. Rxb2 Ne5 18. Qe2 Qg4 19. Qxg4 Nxg4 20. Nd2 a5 21.
Nf3 c5 22. Nd2 Rfb8 23. Nb1 Ne5 24. Nc3 Nxc4 25. Rc2 Na3 26. Rd2 Rb7 27. Rc1
Kf8 28. Kf3 Nb5 29. Na4 Nc7 30. Nb2 Ne6 31. h4 Nd8 32. Na4 Nc6 33. Ke2 Ne5 34.
f4 Nd7 35. e4 f6 36. g4 Kf7 37. g5 Ra6 38. Nc3 Rb4 39. Ke3 Rb7 40. Na4 Nb6 41.
Nxb6 Rbxb6 42. Rc4 Rb4 43. Rdc2 Ke6 44. Kd3 Rab6 45. Rc1 Rxc4 46. Rxc4 Rb4
1/2-1/2

[Event "SR 2. liga A 2003/2004"]
[Site "?"]
[Date "2004.02.08"]
[Round "9.6"]
[White "Antala, Jan"]
[Black "Kebis, Milos"]
[Result "0-1"]
[WhiteElo "1918"]
[BlackElo "2034"]
[PlyCount "104"]
[EventDate "2003.??.??"]

1. e4 g6 2. d4 Bg7 3. Nc3 d6 4. Be3 Nf6 5. Be2 O-O 6. h4 h5 7. f3 Nbd7 8. Qd2
c5 9. dxc5 Nxc5 10. Bh6 Qb6 11. O-O-O Nfxe4 12. fxe4 Nxe4 13. Qe3 Nf2 14. Nf3
Ng4 15. Qxe7 Bxh6+ 16. Ng5 Qe3+ 17. Qxe3 Nxe3 18. Rxd6 Bf5 19. Bd3 Bxd3 20.
Rxd3 Ng4 21. Rd6 Ne3 22. Kb1 Rad8 23. Nce4 Rxd6 24. Nxd6 Nxg2 25. Nge4 b6 26.
Nf6+ Kg7 27. Nde8+ Kh8 28. Rh2 Ne3 29. Re2 Ng4 30. Nd7 Rg8 31. Re7 Bg7 32. Nd6
Nh6 33. c4 Bd4 34. Nxf7+ Nxf7 35. Rxf7 Rg7 36. Rf8+ Kh7 37. Nf6+ Bxf6 38. Rxf6
Re7 39. Rf4 Kg7 40. Kc2 Re3 41. b4 g5 42. hxg5 Kg6 43. c5 bxc5 44. bxc5 Kxg5
45. Rc4 h4 46. c6 Re8 47. c7 Rc8 48. Kd3 h3 49. Kd4 h2 50. Rc1 Rxc7 51. Rh1 Rc2
52. a4 Kg4 0-1

[Event "SR 2. liga A 2003/2004"]
[Site "?"]
[Date "2004.02.08"]
[Round "9.6"]
[White "Gajarsky, Roman"]
[Black "Macko, Tibor"]
[Result "0-1"]
[WhiteElo "2021"]
[BlackElo "2151"]
[PlyCount "72"]
[EventDate "2003.??.??"]

1. e4 d6 2. d4 Nf6 3. f3 g6 4. c4 Bg7 5. Nc3 O-O 6. Be3 Na6 7. Qd2 c5 8. d5 Qa5
9. a3 Bd7 10. Nge2 Nc7 11. Ng3 a6 12. Be2 b5 13. O-O bxc4 14. Bxc4 Nb5 15. Nge2
Nxc3 16. bxc3 Rfb8 17. Qd3 Bc8 18. Bg5 Nd7 19. f4 Kf8 20. e5 dxe5 21. d6 e6 22.
Qh3 Kg8 23. Bxe6 fxe6 24. Qxe6+ Kh8 25. fxe5 Nf6 26. Qc4 Nh5 27. e6 h6 28. Be7
Bb7 29. g4 Qb6 30. gxh5 Qc6 31. Qg4 gxh5 32. Qg3 Rg8 33. Nf4 Bxc3 34. Ng6+ Rxg6
35. Qxg6 Bd4+ 36. Rf2 Qh1# 0-1

[Event "SR 2. liga A 2003/2004"]
[Site "?"]
[Date "2004.02.08"]
[Round "9.6"]
[White "Isa, Vlastimil"]
[Black "Bury, Rastislav"]
[Result "1/2-1/2"]
[WhiteElo "2007"]
[BlackElo "2031"]
[PlyCount "30"]
[EventDate "2003.??.??"]

1. e4 e5 2. Nf3 Nc6 3. Bb5 a6 4. Ba4 Nf6 5. O-O b5 6. Bb3 Bc5 7. c3 d6 8. d4
exd4 9. cxd4 Bb6 10. h3 O-O 11. Bg5 h6 12. Bh4 g5 13. Bg3 Na5 14. Bc2 c5 15.
Nc3 Nh5 1/2-1/2

[Event "SR 2. liga A 2003/2004"]
[Site "?"]
[Date "2004.02.08"]
[Round "9.6"]
[White "Kasanicky, Robert"]
[Black "Priam, Stefan"]
[Result "1-0"]
[WhiteElo "1982"]
[BlackElo "1953"]
[PlyCount "95"]
[EventDate "2003.??.??"]

1. d4 Nf6 2. c4 g6 3. Nc3 Bg7 4. e4 d6 5. Nf3 O-O 6. Be2 e5 7. O-O Nc6 8. d5
Ne7 9. Ne1 Nd7 10. f3 f5 11. g4 fxg4 12. fxg4 a6 13. Rxf8+ Qxf8 14. h4 Nf6 15.
Nd3 Bd7 16. Be3 Qf7 17. Nf2 Rf8 18. Qd2 Qe8 19. Rc1 Qc8 20. Qd1 Qe8 21. b4 b6
22. c5 b5 23. c6 Bc8 24. a4 bxa4 25. Ra1 h5 26. g5 Ng4 27. Nxg4 Bxg4 28. Bxg4
hxg4 29. Qxg4 Qf7 30. Kg2 a3 31. Qe2 Rb8 32. Rxa3 Rxb4 33. Rxa6 Qf8 34. Ra7 Qb8
35. Qa6 Rb2+ 36. Kg3 Qb3 37. Qd3 Rc2 38. Ra3 Qb2 39. Nd1 Rg2+ 40. Kf3 Qc2 41.
Bf2 Rxf2+ 42. Nxf2 Qc1 43. Qe3 Qb1 44. Ra8+ Kf7 45. Kg2 Nf5 46. Qf3 Ke7 47.
exf5 gxf5 48. Qh5 1-0

[Event "SR 2. liga A 2003/2004"]
[Site "?"]
[Date "2004.02.08"]
[Round "9.6"]
[White "Mosny, Jaroslav"]
[Black "Karlik, Lubomir"]
[Result "1-0"]
[WhiteElo "2049"]
[BlackElo "1903"]
[PlyCount "95"]
[EventDate "2003.??.??"]

1. d4 d5 2. c4 e6 3. Nc3 Nf6 4. Bg5 Nbd7 5. e3 c6 6. cxd5 exd5 7. Nf3 Be7 8.
Bd3 O-O 9. O-O Re8 10. Qc2 h6 11. Bh4 Nf8 12. Ne5 N6d7 13. Bxe7 Qxe7 14. Nf3
Nf6 15. Rfe1 Bg4 16. Ne5 N8d7 17. f3 Be6 18. f4 Ng4 19. Nxg4 Bxg4 20. h3 Bh5
21. g4 Bg6 22. f5 Bh7 23. Qf2 h5 24. e4 hxg4 25. exd5 Qd6 26. hxg4 cxd5 27. Bb5
Rxe1+ 28. Rxe1 Nf6 29. Qf3 Qb4 30. Rd1 Qxb2 31. Nxd5 Qxa2 32. Nxf6+ gxf6 33. d5
Rd8 34. d6 Qa5 35. Qd3 a6 36. Bc4 Qe5 37. d7 b5 38. Bb3 a5 39. Kg2 a4 40. Bc2
Qb2 41. Rb1 Qe5 42. Rxb5 Qc7 43. Rd5 Qc6 44. Kg3 a3 45. Bb3 Kg7 46. Qc4 Qb6 47.
Rd4 Qa5 48. Qxf7+ 1-0

[Event "SR 2. liga A 2003/2004"]
[Site "?"]
[Date "2004.02.08"]
[Round "9.6"]
[White "Sarmir, Milos"]
[Black "Hefka, Vladimir"]
[Result "0-1"]
[WhiteElo "2142"]
[BlackElo "2001"]
[PlyCount "68"]
[EventDate "2003.??.??"]

1. e4 c5 2. Nf3 d6 3. d4 cxd4 4. Nxd4 Nf6 5. Bd3 e6 6. O-O Be7 7. Be3 a6 8. Nd2
Qc7 9. h3 Nc6 10. Nxc6 bxc6 11. f4 O-O 12. c4 c5 13. g4 Bb7 14. g5 Nd7 15. Qh5
Qc6 16. Nf3 f5 17. exf5 exf5 18. Rae1 g6 19. Qh4 Rfe8 20. Bd2 Bf8 21. Kh2 Bg7
22. b3 Nf8 23. Qf2 Ne6 24. h4 Nd4 25. Nxd4 Bxd4 26. Qg3 Rxe1 27. Rxe1 Kf7 28.
h5 Re8 29. Rf1 Be3 30. hxg6+ hxg6 31. Qh3 Bd4 32. Bxf5 Rh8 33. Be6+ Kg7 34.
Qxh8+ Kxh8 {time} 0-1

[Event "SR 2. liga A 2003/2004"]
[Site "?"]
[Date "2004.02.08"]
[Round "9.7"]
[White "Gono, Pavol"]
[Black "Slamena, Michal"]
[Result "1/2-1/2"]
[WhiteElo "1910"]
[BlackElo "1872"]
[PlyCount "121"]
[EventDate "2003.??.??"]

1. e4 e5 2. Nf3 Nc6 3. Bc4 Nf6 4. d3 h6 5. O-O Bc5 6. Be3 Bb6 7. Bxb6 axb6 8.
Nbd2 d6 9. c3 Bg4 10. Bb3 O-O 11. Re1 Qd7 12. Nf1 Na5 13. Bc2 c5 14. Ne3 Bh5
15. Nd5 Qd8 16. Qe2 Nc6 17. Qe3 Nxd5 18. exd5 Ne7 19. Bb3 Nf5 20. Qe4 Bg6 21.
Qg4 Ne7 22. Qc4 Qd7 23. a4 Kh8 24. d4 e4 25. Nd2 f5 26. f3 Bf7 27. fxe4 fxe4
28. Qe2 Nxd5 29. Qxe4 Rae8 30. Qh4 Ne3 31. Bxf7 Rxf7 32. Re2 cxd4 33. cxd4 Nc2
34. Rxe8+ Qxe8 35. Rf1 Qe3+ 36. Rf2 Rxf2 37. Qxf2 Qd3 38. Nf3 Ne3 39. h3 Nd1
40. Qe1 Nxb2 41. Qe8+ Kh7 42. Qd7 Nc4 43. Kf2 Qe4 44. Qb5 Qe6 45. Kg3 d5 46.
Kf2 Qc6 47. Qb1+ Kh8 48. Qb4 Nd6 49. Ne5 Ne4+ 50. Kg1 Qc1+ 51. Kh2 Qf4+ 52. Kg1
Qf2+ 53. Kh2 Nd2 54. Qxb6 Nf1+ 55. Kh1 Qg3 56. Kg1 Ne3 57. Qb2 Qe1+ 58. Kh2 Nf5
59. Qxb7 Qg3+ 60. Kg1 Qe1+ 61. Kh2 1/2-1/2

[Event "SR 2. liga A 2003/2004"]
[Site "?"]
[Date "2004.02.08"]
[Round "9.7"]
[White "Janecek, Jan"]
[Black "Sekera, Branislav"]
[Result "0-1"]
[WhiteElo "1977"]
[BlackElo "2122"]
[PlyCount "140"]
[EventDate "2003.??.??"]

1. d4 d5 2. e3 Nf6 3. Nf3 Bf5 4. c4 e6 5. Nc3 c6 6. b3 Nbd7 7. Be2 Bd6 8. Bd2
O-O 9. Nh4 Bg6 10. Nxg6 hxg6 11. Bd3 e5 12. cxd5 exd4 13. exd4 Re8+ 14. Ne2
Nxd5 15. O-O N7f6 16. Bc4 Qd7 17. Bxd5 Nxd5 18. Nc3 Qf5 19. Nxd5 Qxd5 20. Bc3
Red8 21. Re1 Rd7 22. Qe2 Rad8 23. Rad1 Be7 24. Rd3 Bf6 25. Red1 Qf5 26. Qd2 Rd5
27. b4 b6 28. h3 g5 29. Qb2 c5 30. bxc5 bxc5 31. a4 g4 32. hxg4 Qxg4 33. a5 a6
34. R1d2 cxd4 35. Bb4 Rb5 36. Qa3 Be5 37. Rd1 Qh5 38. g3 Rbd5 39. Kg2 Qf5 40.
Rf3 Qd7 41. Qd3 Qb5 42. Bd2 Qxd3 43. Rxd3 Bc7 44. Ra3 Rb5 45. Rc1 Bd6 46. Ra2
Bc5 47. f4 Rd5 48. Kf3 f5 49. Re1 Rb3+ 50. Kf2 d3+ 51. Kf3 Bb4 52. Bxb4 d2+ 53.
Ke2 dxe1=Q+ 54. Bxe1 Rdb5 55. Rc2 Rb2 56. Rxb2 Rxb2+ 57. Kf3 Rb5 58. Ke3 Rd5
59. Bc3 g6 60. Bb4 Kf7 61. Bc3 Ke6 62. Bb4 Rd1 63. Ke2 Rb1 64. Bc3 Rb3 65. Be1
Kd5 66. Kd2 Kc4 67. Kc2 Ra3 68. Kb2 Re3 69. Kc2 Re2+ 70. Kd1 Rg2 0-1

[Event "SR 2. liga A 2003/2004"]
[Site "?"]
[Date "2004.02.08"]
[Round "9.7"]
[White "Lutter, Ladislav"]
[Black "Bilovsky, Milan"]
[Result "0-1"]
[WhiteElo "1986"]
[BlackElo "1870"]
[PlyCount "86"]
[EventDate "2003.??.??"]

1. d4 d5 2. Nf3 Bf5 3. c4 e6 4. Nc3 c6 5. e3 Bd6 6. c5 Bc7 7. b4 a5 8. b5 cxb5
9. Nxb5 Nc6 10. Be2 Nf6 11. Bb2 Ne4 12. Rc1 O-O 13. a3 Rc8 14. O-O b6 15. cxb6
Bxb6 16. Ne1 Qd7 17. g4 Bg6 18. Ng2 Ne7 19. a4 Rxc1 20. Qxc1 Rc8 21. Qd1 Qc6
22. f3 Nd6 23. Nxd6 Qxd6 24. h4 Qb4 25. Qa1 Rc2 26. Ba3 Qd2 27. Re1 h5 28. Bc1
Qb4 29. gxh5 Bxh5 30. Bd1 Rxg2+ 31. Kxg2 Qxe1 32. Bb2 Qxe3 33. Bc3 Nc6 34. Qb2
Bxd4 35. Bxd4 Qxd4 36. Qc2 Ne7 37. Be2 Nf5 38. Qb3 Qxh4 39. Qb8+ Kh7 40. Qe5
Bg6 41. Bd1 Qg5+ 42. Kf2 Qd2+ 43. Be2 Qd4+ 0-1

[Event "SR 2. liga A 2003/2004"]
[Site "?"]
[Date "2004.02.08"]
[Round "9.7"]
[White "Machalova, Erika"]
[Black "Gabris, Ondrej"]
[Result "1/2-1/2"]
[WhiteElo "1990"]
[BlackElo "2044"]
[PlyCount "84"]
[EventDate "2003.??.??"]

1. d4 Nf6 2. c4 e6 3. Nc3 Bb4 4. Qc2 O-O 5. Nf3 d5 6. e3 b6 7. Bd3 dxc4 8. Bxc4
Bb7 9. O-O Nbd7 10. Rd1 Qe7 11. Bd2 c5 12. a3 Bxf3 13. gxf3 cxd4 14. axb4 dxc3
15. Bxc3 Rac8 16. Qe2 Rc7 17. Rd2 Rfc8 18. Bb3 h6 19. Kh1 Nf8 20. Rad1 Rd7 21.
Rxd7 N8xd7 22. Qd3 Rc7 23. Rg1 Nf8 24. Qd4 Ng6 25. Bc2 Rd7 26. Qc4 Rc7 27. Qf1
Nd5 28. Bxg6 Nxc3 29. bxc3 fxg6 30. Qd3 g5 31. Rc1 Kf7 32. Kg2 h5 33. Qh7 h4
34. Qc2 Qf6 35. Qd3 Qf5 36. Qxf5+ exf5 37. Kf1 Ke6 38. Ke2 Ke5 39. Kd3 Rd7+ 40.
Ke2 Rc7 41. Kd3 Rd7+ 42. Ke2 Rc7 1/2-1/2

[Event "SR 2. liga A 2003/2004"]
[Site "?"]
[Date "2004.02.08"]
[Round "9.7"]
[White "Mandak, Miroslav"]
[Black "Jurcak, Marian"]
[Result "1-0"]
[WhiteElo "2088"]
[BlackElo "1879"]
[PlyCount "119"]
[EventDate "2003.??.??"]

1. e4 d6 2. d4 g6 3. c4 Bg7 4. Nc3 Nf6 5. Be2 O-O 6. Nf3 c5 7. d5 a6 8. O-O
Nfd7 9. Be3 Ne5 10. Nxe5 Bxe5 11. Bh6 Re8 12. Be3 Nd7 13. f4 Bg7 14. Qd2 Rb8
15. f5 Ne5 16. Bh6 Bd7 17. a4 Rf8 18. Ra3 Qa5 19. Qc1 Qd8 20. Nd1 b5 21. Rh3
Bf6 22. axb5 axb5 23. cxb5 c4 24. Bxf8 Qxf8 25. Nc3 g5 26. Rg3 Qg7 27. Qa1 h5
28. Qa7 Rc8 29. b6 Qf8 30. Ra1 h4 31. Re3 Nd3 32. Rxd3 cxd3 33. Bxd3 Bd4+ 34.
Kh1 Bxb6 35. Qxb6 Rb8 36. Qf2 f6 37. Qe2 Be8 38. Bb5 Bf7 39. Bd7 Kh7 40. Rb1
Kh6 41. b4 Qd8 42. Bc6 Qb6 43. b5 Qd4 44. Qe1 Bh5 45. h3 g4 46. Nd1 gxh3 47.
Qe3+ Qxe3 48. Nxe3 hxg2+ 49. Kxg2 Rg8+ 50. Kh2 Bf3 51. b6 Bxe4 52. Rg1 Rb8 53.
b7 Bd3 54. Ra1 Kg5 55. Ra8 Rxb7 56. Bxb7 Kf4 57. Ra3 Kxe3 58. Ba6 Ke4 59. Rxd3
Kxf5 60. Re3 1-0

[Event "SR 2. liga A 2003/2004"]
[Site "?"]
[Date "2004.02.08"]
[Round "9.7"]
[White "Wurschner, Miroslav"]
[Black "Hagara, Vladimir"]
[Result "1-0"]
[WhiteElo "1823"]
[BlackElo "1982"]
[PlyCount "113"]
[EventDate "2003.??.??"]

1. e4 c6 2. d4 d5 3. Nc3 dxe4 4. Nxe4 Bf5 5. Ng3 Bg6 6. Nf3 Nd7 7. h4 h6 8. Bd3
Bxd3 9. Qxd3 Ngf6 10. Be3 e6 11. O-O-O Be7 12. Kb1 Ng4 13. Ne4 Nxe3 14. Qxe3
Nf6 15. Nxf6+ Bxf6 16. g4 Qc7 17. g5 Be7 18. g6 Bf6 19. gxf7+ Kxf7 20. h5 Rhe8
21. Rhg1 Rad8 22. c3 Rd5 23. Ne5+ Bxe5 24. dxe5 Kf8 25. Qe4 Qf7 26. Rxd5 cxd5
27. Qg4 Rc8 28. Qb4+ Kg8 29. Qd6 Re8 30. Qb4 Qxf2 31. Qg4 Qf5+ 32. Qxf5 exf5
33. Re1 Re6 34. Kc2 g5 35. hxg6 Kg7 36. Kd3 Kxg6 37. Kd4 f4 38. Kxd5 Kf5 39.
Re4 Rb6 40. e6 Rb5+ 41. Kd4 Rxb2 42. e7 Rd2+ 43. Kc5 Kxe4 44. e8=Q+ Kf3 45.
Qh5+ Ke3 46. Qxh6 Kf3 47. Qh1+ Rg2 48. Kd4 Kg3 49. Qe1+ Kf3 50. a4 Re2 51. Qh1+
Kf2 52. Qh4+ Kf3 53. c4 Re4+ 54. Kd5 Re2 55. c5 Ke3 56. Qg4 f3 57. Qd4# 1-0

[Event "SR 2. liga A 2003/2004"]
[Site "?"]
[Date "2004.02.08"]
[Round "9.8"]
[White "Cambel, Vladimir"]
[Black "Kundrak, Vladimir"]
[Result "1-0"]
[WhiteElo "2019"]
[BlackElo "1982"]
[PlyCount "69"]
[EventDate "2003.??.??"]

1. c4 e5 2. Nf3 Nf6 3. Nc3 Nc6 4. d3 Bb4 5. Bd2 O-O 6. a3 Bxc3 7. Bxc3 Re8 8.
e4 d6 9. h3 Ne7 10. g3 Ng6 11. Bg2 c6 12. O-O d5 13. Qe2 d4 14. Bd2 h6 15. Nh2
Bd7 16. Ng4 Nxg4 17. hxg4 Qc8 18. Bf3 Nf8 19. g5 hxg5 20. Bxg5 Nh7 21. Bd2 Nf6
22. Kh2 Ng4+ 23. Bxg4 Bxg4 24. f3 Be6 25. Rh1 f6 26. Kg2 Kf7 27. Rh4 Rh8 28.
Rah1 Rxh4 29. Rxh4 g5 30. Rh7+ Kg6 31. Rh1 Qd7 32. f4 gxf4 33. Qh5+ Kg7 34.
Qh7+ Kf8 35. Bb4+ 1-0